|
|
|
|
| LEADER |
01594nam a22003257a 4500 |
| 001 |
39173 |
| 003 |
BD-DhAAL |
| 008 |
220720r20182011ii a b 001 0 eng d |
| 999 |
|
|
|c 44418
|d 44418
|
| 010 |
|
|
|a 2006041933
|
| 020 |
|
|
|a 0071077758
|
| 020 |
|
|
|a 9780071077750
|
| 040 |
|
|
|a BD-DhAAL
|c BD-DhAAL
|
| 082 |
0 |
0 |
|a 621.3191
|2 22
|
| 100 |
1 |
|
|a Kothari, D. P.
|q (Dwarkadas Pralhaddas),
|d 1944-
|9 50038
|
| 245 |
1 |
0 |
|a Modern power system analysis /
|c D.P. Kothari, I.J. Nagrath.
|
| 250 |
|
|
|a Fourth edition
|
| 260 |
|
|
|a Chennai :
|b McGraw-Hill Higher Education,
|c c2011 [reprinted 2018].
|
| 300 |
|
|
|a xx, 776 pages :
|b illustrations ;
|c 23 cm.
|
| 504 |
|
|
|a Includes bibliographical references and index.
|
| 526 |
|
|
|a EEE
|
| 541 |
|
|
|a Book Finder International
|e 39173, 39174, 39175
|
| 650 |
|
0 |
|a Electric power systems.
|9 50039
|
| 650 |
|
0 |
|a Electrical engineering.
|9 50040
|
| 700 |
1 |
|
|a Nagrath, I. J.
|9 50041
|
| 852 |
|
|
|a Ayesha Abed Library
|c General Stacks
|
| 942 |
|
|
|2 ddc
|c BK
|
| 952 |
|
|
|0 0
|1 0
|2 ddc
|4 0
|6 621_319100000000000_KOT
|7 0
|9 71265
|a BRACUL
|b BRACUL
|c GEN
|d 2022-07-18
|e Book Finder International
|g 913.82
|l 3
|m 3
|o 621.3191 KOT
|p 3010039174
|r 2024-10-02
|s 2024-09-09
|t 2
|v 913.82
|w 2022-07-18
|y BK
|
| 952 |
|
|
|0 0
|1 0
|2 ddc
|4 0
|6 621_319100000000000_KOT
|7 0
|9 71266
|a BRACUL
|b BRACUL
|c GEN
|d 2022-07-18
|e Book Finder International
|g 913.82
|l 0
|o 621.3191 KOT
|p 3010039173
|r 2022-07-18
|t 1
|v 913.82
|w 2022-07-18
|y BK
|
| 952 |
|
|
|0 0
|1 0
|2 ddc
|4 0
|6 621_319100000000000_KOT
|7 0
|9 71267
|a BRACUL
|b BRACUL
|c GEN
|d 2022-07-18
|e Book Finder International
|g 913.82
|l 1
|o 621.3191 KOT
|p 3010039175
|r 2025-05-26
|s 2025-05-18
|t 3
|v 913.82
|w 2022-07-18
|y BK
|